Statistics for Doctor Who Actors

Click here to take the quiz!

General Stats

  • This quiz has been taken 16 times
  • The average score is 14 of 16

Answer Stats

Answer% Correct
Christopher Eccleston
100%
David Tennant
100%
David Tennant
100%
Matt Smith
100%
Peter Capaldi
100%
Colin Baker
89%
Jodie Whittaker
89%
John Hurt
89%
Jon Pertwee
89%
Sylvester McCoy
89%
Tom Baker
89%
William Hartnell
89%
Patrick Troughton
78%
Paul McGann
78%
Peter Davison
78%
Ncuti Gatwa
56%

Score Distribution

Percentile by Number Answered

Percent of People with Each Score

Your Score History

You have not taken this quiz